000 00668nam a22002177a 4500
003 UA-OsUOA
001 120701
007 ta
008 20170209b un ||||| |||| 00| 0 ukr d
100 _aВасилишин О.
090 _a82
_bВ19
942 _cSA
040 _aUA-OsUOA
_bukr
_cUA-OsUOA
_dUA-OsUOA
245 _aЛисти до Бориса Харчука як джерело вивчення біографії письменника та духовних запитів доби
300 _aС.14-19
955 _a0
041 _aukr
080 _a82
773 0 _w120699
650 7 _a82 Література. Літературознавство
_2UDC
999 _c406590
_d406590